Statočný cínový vojačik

Bibliographic Details
Main Author: Andersen, Hans Christian, 1805-1875 (Author)
Other Authors: Kaňa, Jaroslav, 1925-2004 (Translator), Boukal, Václav, 1922-2007 (Illuminator)
Format: Book
Language:Slovak
PhysicalDescription:[16] s. 8°
Published: Martin Osveta 1957
Series:Andersenov štvorlístok č.4.

MARC

LEADER 00000nam a2200000 a 4500
001 vtls001151062
003 SK-MaSNL
005 20260301103919.0
008 240314s1957 xo 0 slo
035 |a SNK000093930 
040 |a SNK  |b slo  |c SNK  |e AACR2 
041 0 |a slo 
044 |a xo  |c SK 
080 |a 839.8-93-34(084.1)  |2 1981 
100 1 |a Andersen, Hans Christian,  |d 1805-1875  |4 aut  |9 243296 
245 1 0 |a Statočný cínový vojačik  |c Hans Christian Andersen ; Prel. Jaroslav Kaňa ; Obr. [kreslil] Václav Boukal 
260 |a Martin  |b Osveta  |c 1957  |e S.l.Severoslovenské tlač.  |f Severoslovenské tlač. 
300 |a [16] s.  |c 8° 
490 0 |a Andersenov štvorlístok  |v č.4. 
700 1 |a Kaňa, Jaroslav,  |d 1925-2004  |4 trl  |9 180720 
700 1 |a Boukal, Václav,  |d 1922-2007  |4 ilu  |9 193190 
958 |a OND 
958 |a RK 
968 |d Z dán. orig. 
999 |c 696608  |d 698538 
952 |a SNK  |b SNK  |y PREZ  |7 0  |p 17A0498857  |o snkSD 12861  |i snkKSP 723/57  |0 0  |1 0  |4 0  |d 2006-02-20  |l 0  |r 2025-11-26 00:00:00  |w 2026-02-23